|
|
|
|
| LEADER |
00000cam a22000004a 4500 |
| 001 |
musev2_5772 |
| 003 |
MdBmJHUP |
| 005 |
20230905040701.0 |
| 006 |
m o d |
| 007 |
cr||||||||nn|n |
| 008 |
070725s2006 cc o 00 0 eng d |
| 010 |
|
|
|z 2007320496
|
| 020 |
|
|
|a 9789882203655
|
| 020 |
|
|
|z 9789622097629
|
| 035 |
|
|
|a (OCoLC)650591753
|
| 040 |
|
|
|a MdBmJHUP
|c MdBmJHUP
|
| 041 |
0 |
|
|a eng
|a chi
|
| 050 |
0 |
4 |
|a PL1065
|b .X57 2006
|
| 100 |
1 |
|
|a Xing, Janet Zhiqun.
|
| 245 |
1 |
0 |
|a Teaching and Learning Chinese as a Foreign Language :
|b A Pedagogical Grammar /
|c Janet Zhiqun Xing.
|
| 264 |
|
1 |
|a London :
|b Eurospan [distributor],
|c 2006.
|
| 264 |
|
3 |
|a Baltimore, Md. :
|b Project MUSE,
|c 2012
|
| 264 |
|
4 |
|c ©2006.
|
| 300 |
|
|
|a 1 online resource (336 pages).
|
| 336 |
|
|
|a text
|b txt
|2 rdacontent
|
| 337 |
|
|
|a computer
|b c
|2 rdamedia
|
| 338 |
|
|
|a online resource
|b cr
|2 rdacarrier
|
| 504 |
|
|
|a Includes bibliographical references (p. [295]-318) and index.
|
| 546 |
|
|
|a In English and Chinese.
|
| 588 |
|
|
|a Description based on print version record.
|
| 650 |
|
0 |
|a Chinese language
|x Study and teaching
|x Foreign speakers.
|
| 655 |
|
7 |
|a Electronic books.
|2 local
|
| 710 |
2 |
|
|a Project Muse.
|e distributor
|
| 830 |
|
0 |
|a Book collections on Project MUSE.
|
| 856 |
4 |
0 |
|z Texto completo
|u https://projectmuse.uam.elogim.com/book/5772/
|
| 945 |
|
|
|a Project MUSE - Custom Collection
|
| 945 |
|
|
|a Project MUSE - Archive Complete Foundation
|
| 945 |
|
|
|a Project MUSE - Archive Language and Linguistics Foundation
|
| 945 |
|
|
|a Project MUSE - Archive Asian and Pacific Studies Foundation
|